[Event "Nationale pupillendag 2017 - categorie F"]
[Site "Meppel"]
[Date "2017.06.17"]
[Round "1.1"]
[White "Huang, Wendy"]
[Black "Ratti, Nicolo"]
[Result "1-0"]
[BlackElo "495"]
[WhiteElo "1146"]
[LiveChessVersion "1.4.8"]

1. e4 {[%clk 0:15:16]} e5 {[%clk 0:15:19]} 2. Nf3 {[%clk 0:15:24]} Nc6
{[%clk 0:15:28]} 3. d4 {[%clk 0:15:33]} d6 {[%clk 0:15:34]} 4. dxe5
{[%clk 0:15:40]} dxe5 {[%clk 0:15:42]} 5. Qxd8+ {[%clk 0:15:47]} Nxd8
{[%clk 0:15:47]} 6. Nxe5 {[%clk 0:15:49]} Nc6 {[%clk 0:15:52]} 7. Bb5
{[%clk 0:15:37]} Bd7 {[%clk 0:15:56]} 8. Nxd7 {[%clk 0:14:53]} Kxd7
{[%clk 0:16:03]} 9. O-O {[%clk 0:14:52]} Rd8 {[%clk 0:16:08]} 10. Bf4
{[%clk 0:13:43]} a6 {[%clk 0:16:16]} 11. Bxc6+ {[%clk 0:12:21]} Kxc6
{[%clk 0:16:12]} 12. Nc3 {[%clk 0:12:19]} Kd7 {[%clk 0:16:19]} 13. Rad1+
{[%clk 0:11:54]} Kc8 {[%clk 0:16:28]} 14. Rxd8+ {[%clk 0:09:52]} Kxd8
{[%clk 0:16:34]} 15. Rd1+ {[%clk 0:09:51]} Kc8 {[%clk 0:16:43]} 16. Nd5
{[%clk 0:09:20]} Bd6 {[%clk 0:16:45]} 17. e5 {[%clk 0:08:09]} Bc5
{[%clk 0:16:43]} 18. e6 {[%clk 0:06:19]} Bd6 {[%clk 0:16:49]} 19. Bxd6
{[%clk 0:05:26]} cxd6 {[%clk 0:16:53]} 20. exf7 {[%clk 0:05:18]} Nf6
{[%clk 0:16:57]} 21. Nxf6 {[%clk 0:05:12]} gxf6 {[%clk 0:17:05]} 22. Rxd6
{[%clk 0:05:17]} Rf8 {[%clk 0:17:13]} 23. Rxf6 {[%clk 0:05:24]} Kd7
{[%clk 0:17:20]} 24. f3 {[%clk 0:05:19]} Ke7 {[%clk 0:17:28]} 25. Rf4
{[%clk 0:05:16]} Ke6 {[%clk 0:17:25]} 26. Kf2 {[%clk 0:05:08]} Ke5
{[%clk 0:17:33]} 27. g3 {[%clk 0:04:54]} b5 {[%clk 0:17:09]} 28. Ke3
{[%clk 0:04:50]} 1-0

[Event "Nationale pupillendag 2017 - categorie F"]
[Site "Meppel"]
[Date "2017.06.17"]
[Round "1.2"]
[White "Oostinga, Elisa"]
[Black "Van Arendonk, Polle"]
[Result "0-1"]
[BlackElo "1105"]
[WhiteElo "482"]
[LiveChessVersion "1.4.8"]

1. e4 {[%clk 0:15:15]} e6 {[%clk 0:15:18]} 2. d4 {[%clk 0:15:17]} d5
{[%clk 0:15:26]} 3. e5 {[%clk 0:14:53]} c5 {[%clk 0:15:34]} 4. c3
{[%clk 0:14:43]} Nc6 {[%clk 0:15:42]} 5. Be3 {[%clk 0:14:46]} Qb6
{[%clk 0:15:47]} 6. Ne2 {[%clk 0:14:48]} Qxb2 {[%clk 0:15:46]} 7. Nd2
{[%clk 0:14:43]} Qb6 {[%clk 0:15:32]} 8. g4 {[%clk 0:14:17]} cxd4
{[%clk 0:15:01]} 9. cxd4 {[%clk 0:14:06]} Bd7 {[%clk 0:14:23]} 10. Bg2
{[%clk 0:13:56]} Nge7 {[%clk 0:12:50]} 11. O-O {[%clk 0:13:50]} Ng6
{[%clk 0:12:54]} 12. Ng3 {[%clk 0:13:25]} Be7 {[%clk 0:12:47]} 13. Rb1
{[%clk 0:12:57]} Qc7 {[%clk 0:12:48]} 14. f4 {[%clk 0:12:45]} Bh4
{[%clk 0:11:16]} 15. f5 {[%clk 0:12:29]} exf5 {[%clk 0:09:15]} 16. gxf5
{[%clk 0:12:20]} Nf8 {[%clk 0:09:04]} 17. Qb3 {[%clk 0:11:46]} Bxg3
{[%clk 0:08:55]} 18. hxg3 Qc8 {[%clk 0:07:18]} 19. f6 {[%clk 0:11:43]} gxf6
{[%clk 0:07:14]} 20. exf6 {[%clk 0:11:47]} Be6 {[%clk 0:06:34]} 21. Qa3
{[%clk 0:11:44]} Qc7 {[%clk 0:06:08]} 22. Bf4 {[%clk 0:11:23]} Qd7
{[%clk 0:06:06]} 23. Bd6 {[%clk 0:10:44]} Ng6 {[%clk 0:05:19]} 24. Bc5
{[%clk 0:09:35]} Rg8 {[%clk 0:04:05]} 25. Rb5 {[%clk 0:09:13]} b6
{[%clk 0:03:53]} 26. Bd6 {[%clk 0:08:54]} h5 27. Qb2 {[%clk 0:05:00]} Qxd6
{[%clk 0:03:41]} 28. Rb3 {[%clk 0:03:55]} h4 {[%clk 0:03:31]} 29. Re3
{[%clk 0:03:35]} hxg3 {[%clk 0:03:17]} 30. Nf3 {[%clk 0:03:22]} Na5
{[%clk 0:03:05]} 31. Bh3 {[%clk 0:02:54]} Nf8 {[%clk 0:02:39]} 32. Qe2
{[%clk 0:02:23]} Nc4 {[%clk 0:02:37]} 33. Rd3 {[%clk 0:02:08]} Kd7
{[%clk 0:02:29]} 34. Nh4 {[%clk 0:01:54]} Bxh3 {[%clk 0:02:23]} 35. Rc3
{[%clk 0:01:24]} Be6 {[%clk 0:02:15]} 36. Rff3 {[%clk 0:00:52]} Rh8
{[%clk 0:02:04]} 37. Nf5 {[%clk 0:00:37]} Bxf5 {[%clk 0:01:59]} 38. Rxf5
{[%clk 0:00:34]} Ne6 0-1

[Event "Nationale pupillendag 2017 - categorie F"]
[Site "Meppel"]
[Date "2017.06.17"]
[Round "1.3"]
[White "Maris, Lauri"]
[Black "Gijsen, Samuel"]
[Result "1-0"]
[BlackElo "469"]
[WhiteElo "1073"]
[LiveChessVersion "1.4.8"]

1. e4 {[%clk 0:15:19]} b6 {[%clk 0:15:20]} 2. Nc3 {[%clk 0:15:25]} g6
{[%clk 0:15:28]} 3. Nf3 {[%clk 0:15:29]} Bg7 {[%clk 0:15:37]} 4. d4
{[%clk 0:15:30]} Bb7 {[%clk 0:15:46]} 5. e5 {[%clk 0:15:35]} e6 {[%clk 0:15:54]}
6. Bd3 {[%clk 0:15:35]} Ne7 {[%clk 0:15:57]} 7. O-O {[%clk 0:15:35]} Nbc6
{[%clk 0:16:04]} 8. Be4 {[%clk 0:15:36]} d5 {[%clk 0:16:07]} 9. exd6
{[%clk 0:15:43]} cxd6 {[%clk 0:16:09]} 10. Bxc6+ {[%clk 0:15:44]} Bxc6
{[%clk 0:16:15]} 11. Re1 {[%clk 0:15:44]} O-O {[%clk 0:15:56]} 12. Bf4
{[%clk 0:15:29]} f5 {[%clk 0:15:59]} 13. Rxe6 {[%clk 0:15:08]} Bxf3
{[%clk 0:15:18]} 14. gxf3 {[%clk 0:15:00]} Nc6 {[%clk 0:15:16]} 15. Rxd6
{[%clk 0:14:54]} Qc8 {[%clk 0:15:12]} 16. d5 {[%clk 0:14:25]} Nd4
{[%clk 0:15:14]} 17. Bh6 {[%clk 0:13:34]} Bxh6 {[%clk 0:14:53]} 18. Qxd4
{[%clk 0:13:40]} Qc7 {[%clk 0:14:47]} 19. Qe5 {[%clk 0:12:56]} Rfe8
{[%clk 0:14:51]} 20. Rxg6+ {[%clk 0:12:38]} hxg6 {[%clk 0:14:55]} 21. Qxc7
{[%clk 0:12:45]} Rac8 {[%clk 0:15:00]} 22. Qg3 {[%clk 0:12:40]} f4
{[%clk 0:14:54]} 23. Qxg6+ {[%clk 0:12:28]} Kf8 {[%clk 0:14:58]} 24. Qxh6+
{[%clk 0:12:27]} Kg8 {[%clk 0:14:52]} 25. d6 {[%clk 0:12:24]} Rcd8
{[%clk 0:14:58]} 26. h4 {[%clk 0:12:02]} Kf7 {[%clk 0:14:55]} 27. Qxf4+
{[%clk 0:12:06]} Ke6 {[%clk 0:15:01]} 28. Re1+ {[%clk 0:12:06]} Kd7
{[%clk 0:15:08]} 29. Qf7+ {[%clk 0:12:00]} Kxd6 {[%clk 0:15:10]} 30. Rxe8
{[%clk 0:12:07]} Rd7 {[%clk 0:15:16]} 31. Qe6+ {[%clk 0:12:10]} Kc7
{[%clk 0:15:25]} 32. Nb5+ {[%clk 0:12:12]} Kb7 {[%clk 0:15:29]} 33. Qxd7+
{[%clk 0:12:19]} Ka6 {[%clk 0:15:38]} 34. Nc3 {[%clk 0:12:13]} b5
{[%clk 0:15:33]} 35. Qxb5# {[%clk 0:12:19]} 1-0

[Event "Nationale pupillendag 2017 - categorie F"]
[Site "Meppel"]
[Date "2017.06.17"]
[Round "1.4"]
[White "Van der Wiele, Floris"]
[Black "De Jong, Quint"]
[Result "0-1"]
[BlackElo "967"]
[WhiteElo "454"]
[LiveChessVersion "1.4.8"]

1. e4 {[%clk 0:15:18]} c5 {[%clk 0:15:20]} 2. Nf3 {[%clk 0:15:23]} Nc6
{[%clk 0:15:28]} 3. Nc3 {[%clk 0:15:31]} b6 {[%clk 0:15:35]} 4. Bb5
{[%clk 0:15:33]} Bb7 {[%clk 0:15:43]} 5. d3 {[%clk 0:15:28]} d6 {[%clk 0:15:43]}
6. Bg5 {[%clk 0:15:17]} h6 {[%clk 0:15:51]} 7. O-O hxg5 {[%clk 0:15:58]} 8. Nxg5
{[%clk 0:15:31]} e6 {[%clk 0:15:58]} 9. Qd2 {[%clk 0:15:34]} a6 {[%clk 0:16:03]}
10. Ba4 {[%clk 0:15:38]} b5 {[%clk 0:16:09]} 11. Bb3 {[%clk 0:15:46]} Be7
{[%clk 0:16:11]} 12. Nf3 {[%clk 0:15:48]} Nd4 13. Nxd4 cxd4 14. Ne2
{[%clk 0:15:40]} e5 {[%clk 0:16:01]} 15. Ng3 {[%clk 0:15:42]} Bg5
{[%clk 0:15:56]} 16. Qe2 {[%clk 0:15:40]} Bf4 {[%clk 0:15:52]} 17. Nh5
{[%clk 0:15:46]} Qg5 {[%clk 0:15:09]} 18. Nxf4 {[%clk 0:15:03]} Qxf4
{[%clk 0:15:14]} 19. c3 {[%clk 0:14:55]} Qxh2# {[%clk 0:15:16]} 0-1

[Event "Nationale pupillendag 2017 - categorie F"]
[Site "Meppel"]
[Date "2017.06.17"]
[Round "1.5"]
[White "De Heij, Mees"]
[Black "Pham, Lan"]
[Result "1-0"]
[BlackElo "439"]
[WhiteElo "887"]
[LiveChessVersion "1.4.8"]

1. d4 {[%clk 0:15:18]} d5 {[%clk 0:15:18]} 2. c4 {[%clk 0:15:24]} c6
{[%clk 0:15:19]} 3. Nc3 {[%clk 0:15:28]} Nf6 {[%clk 0:15:23]} 4. Bf4
{[%clk 0:15:30]} Nbd7 {[%clk 0:15:09]} 5. Nf3 {[%clk 0:15:33]} Nb6
{[%clk 0:15:10]} 6. c5 {[%clk 0:15:33]} Nc4 {[%clk 0:15:03]} 7. Qc2
{[%clk 0:15:27]} g6 {[%clk 0:14:24]} 8. e4 {[%clk 0:15:26]} Be6 {[%clk 0:14:15]}
9. e5 {[%clk 0:15:30]} Ng4 {[%clk 0:13:47]} 10. h3 {[%clk 0:15:26]} Nh6
{[%clk 0:13:42]} 11. Bxc4 {[%clk 0:15:01]} dxc4 {[%clk 0:13:47]} 12. Qd2
{[%clk 0:15:08]} Bf5 {[%clk 0:13:42]} 13. Bxh6 {[%clk 0:15:10]} e6
{[%clk 0:13:19]} 14. Bxf8 {[%clk 0:15:05]} Rxf8 {[%clk 0:13:26]} 15. O-O
{[%clk 0:14:33]} f6 {[%clk 0:13:09]} 16. Qh6 {[%clk 0:14:14]} fxe5
{[%clk 0:13:02]} 17. Nxe5 {[%clk 0:14:18]} Qe7 {[%clk 0:12:23]} 18. Rfe1
{[%clk 0:13:54]} O-O-O {[%clk 0:12:14]} 19. a4 {[%clk 0:13:51]} Rxd4
{[%clk 0:12:10]} 20. Rad1 {[%clk 0:13:19]} Rxd1 {[%clk 0:11:47]} 21. Rxd1
{[%clk 0:13:24]} Rd8 {[%clk 0:11:41]} 22. Rxd8+ {[%clk 0:13:27]} Qxd8
{[%clk 0:11:47]} 23. Qxh7 {[%clk 0:13:18]} g5 24. Qf7 {[%clk 0:12:53]} Qd4
{[%clk 0:10:18]} 25. Qe8+ {[%clk 0:12:13]} Qd8 {[%clk 0:10:03]} 26. Qxd8+
{[%clk 0:12:20]} Kxd8 {[%clk 0:10:11]} 27. Nf7+ {[%clk 0:12:26]} Ke7
{[%clk 0:10:18]} 28. Nxg5 {[%clk 0:12:34]} e5 {[%clk 0:10:16]} 29. Nf3
{[%clk 0:12:40]} e4 {[%clk 0:10:21]} 30. Nh4 {[%clk 0:12:47]} Bh7
{[%clk 0:10:16]} 31. g4 {[%clk 0:12:52]} Kf6 {[%clk 0:10:04]} 32. Kg2
{[%clk 0:12:41]} b6 {[%clk 0:09:33]} 33. cxb6 {[%clk 0:12:42]} axb6
{[%clk 0:09:41]} 34. Nd1 {[%clk 0:12:34]} Ke5 {[%clk 0:09:32]} 35. f3
{[%clk 0:12:40]} exf3+ {[%clk 0:09:13]} 36. Nxf3+ {[%clk 0:12:45]} Kd5
{[%clk 0:08:48]} 37. g5 {[%clk 0:12:46]} Ke6 {[%clk 0:08:20]} 38. Nd4+
{[%clk 0:12:53]} Kf7 {[%clk 0:08:18]} 39. Nxc6 {[%clk 0:12:58]} Be4+
{[%clk 0:08:21]} 40. Kg3 {[%clk 0:13:05]} Bxc6 {[%clk 0:08:29]} 41. Nc3
{[%clk 0:13:11]} Kg6 {[%clk 0:08:34]} 42. h4 {[%clk 0:13:18]} Bd7
{[%clk 0:08:16]} 43. Ne4 {[%clk 0:12:59]} Kh7 {[%clk 0:07:28]} 44. Nf6+
{[%clk 0:13:06]} Kg6 {[%clk 0:07:31]} 45. Nxd7 {[%clk 0:13:14]} b5
{[%clk 0:06:52]} 46. axb5 {[%clk 0:13:22]} c3 {[%clk 0:06:55]} 47. bxc3
{[%clk 0:13:30]} Kf7 {[%clk 0:06:51]} 48. b6 {[%clk 0:13:33]} Ke7
{[%clk 0:06:58]} 49. b7 {[%clk 0:13:40]} Kxd7 {[%clk 0:07:03]} 50. b8=R
{[%clk 0:13:46]} Ke7 {[%clk 0:07:01]} 51. g6 {[%clk 0:13:52]} Kf6
{[%clk 0:07:09]} 52. h5 {[%clk 0:14:00]} Kg5 {[%clk 0:07:16]} 53. g7
{[%clk 0:14:08]} Kxh5 {[%clk 0:07:22]} 54. g8=R {[%clk 0:14:14]} Kh6
{[%clk 0:07:27]} 55. Kf3 {[%clk 0:14:20]} Kh7 {[%clk 0:07:13]} 56. Rg1
{[%clk 0:14:27]} Kh6 {[%clk 0:07:13]} 57. Rbg8 {[%clk 0:14:32]} Kh7
{[%clk 0:07:08]} 58. R8g2 {[%clk 0:14:40]} Kh6 {[%clk 0:07:11]} 59. Rh1# 1-0

[Event "Nationale pupillendag 2017 - categorie F"]
[Site "Meppel"]
[Date "2017.06.17"]
[Round "1.6"]
[White "Yeh, Nora"]
[Black "Smeets, Kobe"]
[Result "0-1"]
[BlackElo "871"]
[WhiteElo "432"]
[LiveChessVersion "1.4.8"]

1. d4 {[%clk 0:15:19]} d5 {[%clk 0:15:19]} 2. Nf3 {[%clk 0:15:27]} Nc6
{[%clk 0:15:28]} 3. Bf4 {[%clk 0:15:34]} Bf5 {[%clk 0:15:33]} 4. e3
{[%clk 0:15:37]} e6 {[%clk 0:15:41]} 5. Bb5 {[%clk 0:15:32]} Bd6 {[%clk 0:15:42]}
6. Bg5 {[%clk 0:15:20]} Nge7 {[%clk 0:15:24]} 7. Nc3 {[%clk 0:15:06]} h6
{[%clk 0:15:15]} 8. Bxe7 {[%clk 0:15:04]} Qxe7 {[%clk 0:15:18]} 9. Ne5
{[%clk 0:14:11]} Bxe5 {[%clk 0:15:14]} 10. dxe5 {[%clk 0:14:17]} O-O
{[%clk 0:15:14]} 11. Qh5 {[%clk 0:14:01]} Bxc2 {[%clk 0:14:12]} 12. O-O
{[%clk 0:13:14]} Bg6 {[%clk 0:14:21]} 13. Qf3 {[%clk 0:12:54]} Nxe5
{[%clk 0:14:28]} 14. Qd1 {[%clk 0:12:18]} c6 {[%clk 0:14:33]} 15. Ba4
{[%clk 0:12:23]} Nd7 {[%clk 0:13:52]} 16. Re1 {[%clk 0:12:03]} Nf6
{[%clk 0:14:00]} 17. Qf3 {[%clk 0:11:15]} Ne4 {[%clk 0:13:43]} 18. Qg4
{[%clk 0:10:16]} Nxc3 {[%clk 0:13:52]} 19. bxc3 {[%clk 0:10:17]} Qa3
{[%clk 0:13:38]} 20. Red1 {[%clk 0:09:45]} Be4 {[%clk 0:12:59]} 21. f3
{[%clk 0:08:44]} Qxa4 {[%clk 0:13:07]} 22. fxe4 {[%clk 0:08:46]} f5
{[%clk 0:12:53]} 23. Qg6 {[%clk 0:08:21]} Rf6 {[%clk 0:12:46]} 24. Qg3
{[%clk 0:07:48]} Qxe4 {[%clk 0:12:19]} 25. Rf1 {[%clk 0:07:37]} e5
{[%clk 0:11:49]} 26. Rf3 {[%clk 0:07:33]} Re8 {[%clk 0:11:25]} 27. Qh3
{[%clk 0:06:16]} c5 {[%clk 0:10:30]} 28. Qh4 {[%clk 0:05:24]} Qxh4
{[%clk 0:10:32]} 29. Rh3 {[%clk 0:05:04]} Qc4 {[%clk 0:10:12]} 30. Rc1
{[%clk 0:04:30]} Qxa2 {[%clk 0:10:17]} 31. Rf3 {[%clk 0:03:44]} Rg6
{[%clk 0:10:22]} 32. Rg3 {[%clk 0:03:13]} Rxg3 {[%clk 0:10:29]} 33. hxg3
{[%clk 0:03:18]} Qe2 {[%clk 0:10:37]} 34. Rf1 {[%clk 0:01:47]} Qxe3+
{[%clk 0:10:45]} 35. Rf2 {[%clk 0:01:38]} Qxg3 {[%clk 0:10:53]} 36. Rxf5
{[%clk 0:01:38]} Rf8 {[%clk 0:10:53]} 37. Rh5 {[%clk 0:01:03]} Rf2
{[%clk 0:10:56]} 0-1

[Event "Nationale pupillendag 2017 - categorie F"]
[Site "Meppel"]
[Date "2017.06.17"]
[Round "2.1"]
[White "Van Delft, Adinda"]
[Black "Huang, Wendy"]
[Result "0-1"]
[BlackElo "1146"]
[WhiteElo "699"]
[LiveChessVersion "1.4.8"]

1. d4 {[%clk 0:15:15]} Nf6 {[%clk 0:15:19]} 2. c4 {[%clk 0:15:19]} e6
{[%clk 0:15:27]} 3. Nc3 {[%clk 0:15:23]} Bb4 {[%clk 0:15:31]} 4. Bd2
{[%clk 0:15:27]} Bxc3 {[%clk 0:15:34]} 5. Bxc3 {[%clk 0:15:33]} Nc6
{[%clk 0:15:40]} 6. Nf3 {[%clk 0:15:30]} d5 {[%clk 0:15:39]} 7. e3
{[%clk 0:15:21]} O-O {[%clk 0:15:14]} 8. Bd3 {[%clk 0:14:34]} dxc4
{[%clk 0:13:53]} 9. Bxc4 {[%clk 0:14:37]} Re8 {[%clk 0:12:17]} 10. O-O
{[%clk 0:14:19]} Nd5 {[%clk 0:11:15]} 11. Qc2 {[%clk 0:12:56]} Nxc3
{[%clk 0:10:52]} 12. Qxc3 {[%clk 0:12:57]} Bd7 {[%clk 0:09:04]} 13. Rad1
{[%clk 0:12:52]} Qe7 {[%clk 0:08:39]} 14. a3 {[%clk 0:12:37]} Rad8
{[%clk 0:07:02]} 15. d5 {[%clk 0:12:35]} exd5 {[%clk 0:06:37]} 16. Rxd5
{[%clk 0:12:40]} Be6 {[%clk 0:05:26]} 17. Rg5 {[%clk 0:12:19]} f6
{[%clk 0:05:02]} 18. Rg3 {[%clk 0:11:44]} Bxc4 {[%clk 0:04:39]} 19. Qxc4+
{[%clk 0:11:44]} Qf7 {[%clk 0:04:21]} 20. Qb5 {[%clk 0:10:49]} Rb8
{[%clk 0:03:57]} 21. Rc1 {[%clk 0:09:44]} a6 {[%clk 0:03:46]} 22. Qf5
{[%clk 0:09:16]} Rbd8 {[%clk 0:03:01]} 23. Rh3 {[%clk 0:08:28]} g6
{[%clk 0:02:50]} 24. Qc5 {[%clk 0:07:08]} Rd5 {[%clk 0:01:56]} 25. Qc4
{[%clk 0:06:37]} Red8 {[%clk 0:01:50]} 26. Qe2 {[%clk 0:06:13]} Qd7
{[%clk 0:01:37]} 27. g3 {[%clk 0:05:36]} Qxh3 {[%clk 0:01:24]} 28. Qc4
{[%clk 0:04:55]} Kg7 {[%clk 0:01:16]} 29. Qe2 {[%clk 0:04:15]} Qg4
{[%clk 0:01:17]} 30. Kg2 {[%clk 0:03:59]} R8d7 {[%clk 0:00:59]} 31. h3
{[%clk 0:03:46]} Qe6 {[%clk 0:01:05]} 32. g4 {[%clk 0:02:55]} Qd6
{[%clk 0:00:52]} 33. h4 {[%clk 0:01:50]} Rd1 {[%clk 0:00:38]} 34. Rxd1
{[%clk 0:01:36]} Qxd1 {[%clk 0:00:46]} 35. Qxd1 {[%clk 0:01:42]} Rxd1
{[%clk 0:00:55]} 36. Kg3 {[%clk 0:01:23]} Rb1 {[%clk 0:00:58]} 37. b4
{[%clk 0:01:25]} Rb3 {[%clk 0:01:04]} 38. h5 {[%clk 0:01:23]} Rxa3
{[%clk 0:01:10]} 39. hxg6 {[%clk 0:01:22]} hxg6 {[%clk 0:01:18]} 40. g5
{[%clk 0:01:29]} Nxb4 {[%clk 0:01:20]} 41. gxf6+ {[%clk 0:01:32]} Kxf6
{[%clk 0:01:29]} 42. e4 {[%clk 0:01:27]} Nc6 {[%clk 0:01:26]} 43. Kg4
{[%clk 0:01:33]} Ne5+ {[%clk 0:01:31]} 44. Nxe5 {[%clk 0:01:39]} Kxe5
{[%clk 0:01:40]} 45. f3 {[%clk 0:01:29]} Re3 {[%clk 0:01:37]} 46. Kg3
{[%clk 0:01:24]} b5 {[%clk 0:01:44]} 47. Kf2 {[%clk 0:01:30]} Rc3
{[%clk 0:01:50]} 48. Ke2 {[%clk 0:01:37]} b4 {[%clk 0:01:58]} 49. Kd2
{[%clk 0:01:45]} Rxf3 {[%clk 0:02:05]} 50. Kc2 {[%clk 0:01:48]} g5
{[%clk 0:02:12]} 51. Kd2 {[%clk 0:01:47]} b3 {[%clk 0:02:19]} 52. Kc1
{[%clk 0:01:54]} g4 {[%clk 0:02:27]} 53. Kd1 {[%clk 0:01:59]} g3 {[%clk 0:02:33]}
54. Ke2 {[%clk 0:02:05]} Kxe4 {[%clk 0:02:36]} 55. Kd2 {[%clk 0:02:12]} g2
{[%clk 0:02:41]} 56. Ke2 {[%clk 0:02:19]} g1=Q {[%clk 0:02:47]} 57. Kd2
{[%clk 0:02:20]} Qg2+ {[%clk 0:02:44]} 58. Kd1 {[%clk 0:02:25]} Rf1# 0-1

[Event "Nationale pupillendag 2017 - categorie F"]
[Site "Meppel"]
[Date "2017.06.17"]
[Round "2.3"]
[White "Van der Helm, Tim"]
[Black "Maris, Lauri"]
[Result "0-1"]
[BlackElo "1073"]
[WhiteElo "665"]
[LiveChessVersion "1.4.8"]

1. e4 {[%clk 0:15:18]} e5 {[%clk 0:15:20]} 2. Nf3 {[%clk 0:15:26]} Nc6
{[%clk 0:15:28]} 3. Bc4 {[%clk 0:15:34]} h6 {[%clk 0:15:36]} 4. Nc3
{[%clk 0:15:41]} Nf6 {[%clk 0:15:42]} 5. O-O {[%clk 0:15:46]} Bb4
{[%clk 0:15:44]} 6. Nd5 {[%clk 0:15:30]} Nxe4 {[%clk 0:15:22]} 7. Nxb4 Nxb4 8.
Nxe5 {[%clk 0:14:42]} d5 {[%clk 0:15:07]} 9. Bd3 {[%clk 0:14:15]} Qf6
{[%clk 0:14:33]} 10. Nf3 {[%clk 0:13:39]} Nxd3 {[%clk 0:14:39]} 11. cxd3
{[%clk 0:13:43]} Nd6 {[%clk 0:14:34]} 12. Re1+ {[%clk 0:13:40]} Be6
{[%clk 0:14:43]} 13. d4 {[%clk 0:13:35]} O-O {[%clk 0:14:47]} 14. d3
{[%clk 0:13:40]} Bg4 {[%clk 0:14:31]} 15. h3 {[%clk 0:13:37]} Bxf3
{[%clk 0:14:37]} 16. Qxf3 {[%clk 0:13:35]} Qxf3 {[%clk 0:14:44]} 17. gxf3
{[%clk 0:13:41]} Rfe8 {[%clk 0:14:43]} 18. Bf4 {[%clk 0:13:30]} Nb5
{[%clk 0:14:30]} 19. Be5 {[%clk 0:13:16]} f6 {[%clk 0:14:35]} 20. Bf4
{[%clk 0:13:15]} Nxd4 {[%clk 0:14:34]} 21. Rxe8+ {[%clk 0:12:53]} Rxe8
{[%clk 0:14:41]} 22. Kg2 {[%clk 0:12:45]} Ne6 {[%clk 0:14:40]} 23. Bg3
{[%clk 0:12:44]} c6 {[%clk 0:14:32]} 24. Rc1 {[%clk 0:12:26]} Nd4
{[%clk 0:14:04]} 25. Rc5 {[%clk 0:12:07]} Re2 {[%clk 0:13:23]} 26. Ra5
{[%clk 0:11:31]} a6 {[%clk 0:12:56]} 27. b3 {[%clk 0:11:34]} Rd2 {[%clk 0:12:28]}
28. Ra4 {[%clk 0:10:54]} Rxd3 {[%clk 0:12:10]} 29. f4 {[%clk 0:10:51]} Ne2
{[%clk 0:11:29]} 30. Re4 {[%clk 0:10:24]} dxe4 {[%clk 0:11:31]} 31. h4
{[%clk 0:10:11]} Nxg3 {[%clk 0:11:38]} 32. fxg3 {[%clk 0:10:18]} Rd2+
{[%clk 0:11:44]} 33. Kf1 {[%clk 0:10:24]} e3 {[%clk 0:11:51]} 34. a4
{[%clk 0:10:28]} Kf7 {[%clk 0:11:53]} 35. f5 g6 36. g4 {[%clk 0:10:16]} gxf5
{[%clk 0:11:57]} 37. gxf5 {[%clk 0:10:19]} Ke7 {[%clk 0:12:06]} 38. h5
{[%clk 0:10:27]} Kd6 {[%clk 0:12:13]} 39. a5 {[%clk 0:10:35]} Ke5
{[%clk 0:12:21]} 40. b4 {[%clk 0:10:42]} Kf4 {[%clk 0:12:23]} 41. b5
{[%clk 0:10:50]} axb5 {[%clk 0:12:29]} 42. a6 {[%clk 0:10:57]} bxa6
{[%clk 0:12:37]} 43. Ke1 {[%clk 0:10:56]} Kf3 {[%clk 0:12:43]} 0-1

[Event "Nationale pupillendag 2017 - categorie F"]
[Site "Meppel"]
[Date "2017.06.17"]
[Round "2.4"]
[White "De Jong, Quint"]
[Black "Freijse, Mathias"]
[Result "1/2-1/2"]
[BlackElo "649"]
[WhiteElo "967"]
[LiveChessVersion "1.4.8"]

1. d4 {[%clk 0:15:16]} d5 {[%clk 0:15:19]} 2. c4 {[%clk 0:15:25]} Nf6
{[%clk 0:15:25]} 3. b3 {[%clk 0:15:33]} Bf5 {[%clk 0:15:30]} 4. Bb2
{[%clk 0:15:40]} Nc6 {[%clk 0:15:35]} 5. Nf3 {[%clk 0:15:47]} e6 {[%clk 0:15:42]}
6. Nc3 {[%clk 0:15:55]} Bb4 {[%clk 0:15:30]} 7. e3 {[%clk 0:16:01]} Ne4
{[%clk 0:15:33]} 8. Qc1 {[%clk 0:15:53]} O-O {[%clk 0:15:30]} 9. Bd3
{[%clk 0:16:01]} Nxc3 {[%clk 0:15:10]} 10. Bxc3 {[%clk 0:15:59]} Bxd3
{[%clk 0:15:17]} 11. Bxb4 {[%clk 0:16:03]} Nxb4 {[%clk 0:15:24]} 12. Kd2
{[%clk 0:15:48]} dxc4 {[%clk 0:15:01]} 13. bxc4 {[%clk 0:15:52]} c5
{[%clk 0:14:38]} 14. Qc3 {[%clk 0:15:52]} a5 {[%clk 0:14:23]} 15. a3
{[%clk 0:16:00]} Nc6 {[%clk 0:14:26]} 16. Qxd3 {[%clk 0:16:04]} cxd4
{[%clk 0:14:05]} 17. exd4 {[%clk 0:16:06]} h6 {[%clk 0:13:19]} 18. h4
{[%clk 0:15:58]} Qf6 {[%clk 0:13:03]} 19. g4 {[%clk 0:15:41]} Rad8
{[%clk 0:13:03]} 20. g5 {[%clk 0:15:37]} Qf4+ {[%clk 0:13:04]} 21. Kc3
{[%clk 0:15:35]} e5 {[%clk 0:13:01]} 22. d5 {[%clk 0:15:14]} e4 {[%clk 0:12:59]}
23. Qd2 {[%clk 0:15:04]} Qxf3+ {[%clk 0:13:02]} 24. Qe3 {[%clk 0:14:49]} Qxe3+
{[%clk 0:13:03]} 25. fxe3 {[%clk 0:14:57]} Ne5 {[%clk 0:13:00]} 26. Kd4
{[%clk 0:14:53]} Rde8 {[%clk 0:13:02]} 27. Ra2 {[%clk 0:14:41]} hxg5
{[%clk 0:12:59]} 28. hxg5 {[%clk 0:14:48]} Nf3+ {[%clk 0:13:07]} 29. Kc3
{[%clk 0:14:40]} Nxg5 {[%clk 0:13:12]} 30. Rah2 {[%clk 0:14:36]} f6
{[%clk 0:13:08]} 31. d6 {[%clk 0:14:32]} Nf3 {[%clk 0:13:09]} 32. Rg2
{[%clk 0:14:11]} Rd8 {[%clk 0:12:57]} 33. Rd1 {[%clk 0:14:14]} Ne5
{[%clk 0:12:19]} 34. c5 {[%clk 0:13:54]} Nd3 {[%clk 0:12:04]} 35. Rdg1
{[%clk 0:13:39]} g5 {[%clk 0:12:01]} 36. Kc4 {[%clk 0:13:33]} Ne5+
{[%clk 0:12:09]} 37. Kd5 {[%clk 0:13:33]} Nd3 {[%clk 0:11:29]} 38. Rg4
{[%clk 0:12:03]} Nf2 {[%clk 0:11:27]} 39. R4g2 {[%clk 0:11:57]} Nd3
{[%clk 0:11:29]} 40. Rg4 {[%clk 0:12:05]} Rde8 {[%clk 0:11:26]} 41. d7
{[%clk 0:11:56]} Re5+ {[%clk 0:11:31]} 42. Kd6 {[%clk 0:11:45]} Nxc5
{[%clk 0:11:23]} 43. Kc7 {[%clk 0:11:19]} Re7 {[%clk 0:11:29]} 44. Kd6
{[%clk 0:11:21]} Rxd7+ {[%clk 0:11:20]} 45. Kxc5 Rc8+ {[%clk 0:11:25]} 46. Kb6
{[%clk 0:11:06]} Rc6+ {[%clk 0:11:27]} 47. Kxa5 {[%clk 0:10:57]} Rd5+
{[%clk 0:11:29]} 48. Kb4 {[%clk 0:11:06]} Rd2 {[%clk 0:11:05]} 49. Kb3
{[%clk 0:09:41]} Rd3+ {[%clk 0:11:10]} 50. Kb2 {[%clk 0:09:11]} Rxe3
{[%clk 0:11:04]} 51. a4 {[%clk 0:08:45]} Re2+ {[%clk 0:11:03]} 52. Kb1
{[%clk 0:08:35]} Ra6 {[%clk 0:10:59]} 53. Rf4 {[%clk 0:08:04]} Rxa4
{[%clk 0:10:55]} 54. Rxf6 {[%clk 0:08:08]} Rb4+ {[%clk 0:11:02]} 55. Kc1
{[%clk 0:08:07]} Kg7 {[%clk 0:10:57]} 56. Rf5 {[%clk 0:07:54]} Rc4+
{[%clk 0:11:03]} 57. Kd1 {[%clk 0:07:57]} Rec2 {[%clk 0:11:02]} 58. Rgxg5+
{[%clk 0:07:55]} Kh6 {[%clk 0:11:06]} 59. Rh5+ {[%clk 0:07:59]} Kg6
{[%clk 0:11:07]} 60. Rhg5+ {[%clk 0:08:08]} Kh6 {[%clk 0:11:14]} 61. Rh5+
{[%clk 0:08:17]} Kg7 {[%clk 0:11:20]} 62. Rhg5+ {[%clk 0:08:25]} Kh6
{[%clk 0:11:28]} 63. Rh5+ {[%clk 0:08:34]} Kg6 {[%clk 0:11:36]} 64. Rhg5+
{[%clk 0:08:42]} Kh7 {[%clk 0:11:42]} 65. Rh5+ {[%clk 0:08:50]} 1/2-1/2